| 000 | 00680nam a2200229 a 4500 | ||
|---|---|---|---|
| 999 |
_c7558 _d7558 |
||
| 001 | 7558 | ||
| 003 | BD-JhCC | ||
| 005 | 20180211172725.0 | ||
| 008 | 180211s 1988bg |||| |||| 000 0 ben d | ||
| 035 | _a(BD-JhCC)7558 | ||
| 040 |
_aBD-JhCC _dBD-JhCC |
||
| 041 | _aben | ||
| 082 |
_a923.197 _bRAH 1988 |
||
| 100 | _aরহমান, শেখ হবিবর | ||
| 245 |
_a আলমগীর / _c শেখ হবিবর রহমান |
||
| 260 |
_aঢাকা : _bইসলামিক ফাউন্ডেশন বাংলাদেশ, _c1988. |
||
| 300 |
_a367 p. : _c22 cm. |
||
| 650 | _aMughal Emperor | ||
| 650 | _aAlamgir | ||
| 942 |
_2ddc _cBK |
||